| 000 | 00326nam a2200109Ia 4500 | ||
|---|---|---|---|
| 008 | 220216s9999 xx 000 0 und d | ||
| 245 | 0 | _aStudy of vehicle routing in daily latex collection from scattered collection stations | |
| 260 |
_bPlanters Bulletin _c1972 |
||
| 300 | _a105-113 | ||
| 650 | _aLatex collection | ||
| 942 | _cJS | ||
| 999 |
_c69825 _d69825 |
||